[Event "Arco op 45th"]
[Site "Arco"]
[Date "2023.10.14"]
[Round "8"]
[White "Dugailliez, Guy"]
[Black "Schoch, Heinz1"]
[Result "1-0"]
[WhiteElo "1952"]
[BlackElo "1612"]
[PlyCount "133"]
[EventDate "2023.10.07"]
[EventType "swiss"]
[EventRounds "9"]
[EventCountry "ITA"]
[SourceTitle "Mega2024 Update 01"]
[Source "Chessbase"]
[SourceDate "2023.11.12"]
[SourceVersion "1"]
[SourceVersionDate "2023.11.12"]
[SourceQuality "1"]

1. e4 c5 2. b4 b6 3. bxc5 bxc5 4. Bb2 Nc6 5. Nf3 Nf6 6. d3 d6 7. Nbd2 e5 8. Be2 Be7 9. 0-0 0-0 10. Nc4 h6 11. Bc3 Be6 12. Nfd2 Qd7 13. f4 Ng4 14. h3 Nf6 15. fxe5 Nh7 16. exd6 Bxd6 17. Nxd6 Qxd6 18. Bg4 Nd4 19. Bxe6 fxe6 20. Nf3 e5 21. Rb1 Rf7 22. Nxd4 Rxf1+ 23. Qxf1 exd4 24. Be1 Rf8 25. Qe2 Qa6 26. c3 Ng5 27. cxd4 cxd4 28. Bb4 Rf7 29. a3 Ne6 30. Qa2 Qxd3 31. Re1 Qa6 32. Qd5 Kh7 33. Kh2 Rf2 34. Bd6 Qc8 35. Bg3 Rd2 36. Qf5+ Kh8 37. Rb1 Rxg2+ 38. Kxg2 Qc2+ 39. Bf2 Qxb1 40. Qxe6 d3 41. Qc8+ Kh7 42. Qc3 a5 43. Qd2 a4 44. Bd4 Qb5 45. Kf2 Qb3 46. Qb2 Qf7+ 47. Ke3 Qf1 48. Qh2 Qc1+ 49. Qd2 Qxa3 50. Qxd3 Qc1+ 51. Qd2 Qg1+ 52. Kd3 Qf1+ 53. Kc2 Qxh3 54. Bc3 Qe6 55. Qd4 Qb3+ 56. Kc1 Qb7 57. Qxa4 Qc7 58. Qd4 Qf4+ 59. Kc2 Qf7 60. e5 Kg8 61. Qd6 h5 62. e6 Qg6+ 63. Kb3 Qe8 64. Qd7 Qb8+ 65. Kc4 Qf4+ 66. Bd4 Qc1+ 67. Kd5 1-0

[Event "Flemish-ch"]
[Site "Ghent"]
[Date "2018.05.11"]
[Round "3"]
[White "Vandenbussche, Thibaut"]
[Black "Dugailliez, Guy"]
[Result "1-0"]
[WhiteElo "2419"]
[BlackElo "2026"]
[PlyCount "67"]
[EventDate "2018.05.10"]
[EventType "swiss"]
[EventRounds "7"]
[EventCountry "BEL"]
[SourceTitle "CBM 184 Extra"]
[Source "ChessBase"]
[SourceDate "2018.06.28"]
[SourceVersion "1"]
[SourceVersionDate "2018.06.28"]
[SourceQuality "1"]

1. e4 Nf6 2. e5 Nd5 3. d4 Nb6 4. Nf3 d5 5. Bd3 Bg4 6. h3 Bxf3 7. Qxf3 e6 8. 0-0 c5 9. dxc5 N6d7 10. Re1 Nc6 11. Bf4 g5 12. Bg3 Bg7 13. Bb5 Nxc5 14. Nd2 Rc8 15. Qh5 a6 16. Bxc6+ Rxc6 17. Rad1 Qe7 18. h4 h6 19. b3 b5 20. Qg4 Nd7 21. c4 f5 22. Qh5+ Qf7 23. Qxf7+ Kxf7 24. cxd5 exd5 25. Nf3 Kg6 26. Nd4 Rcc8 27. h5+ Kxh5 28. Nxf5 Rh7 29. Rxd5 Bf8 30. Red1 Rc7 31. e6 Nf6 32. Bxc7 Nxd5 33. Bd8 Nc7 34. e7 1-0

[Event "Calvia Amateur op 13th"]
[Site "Calvia"]
[Date "2016.10.11"]
[Round "4"]
[White "Vicens Company, Maria Antonia"]
[Black "Dugailliez, Guy"]
[Result "0-1"]
[WhiteElo "1785"]
[BlackElo "1999"]
[PlyCount "76"]
[EventDate "2016.10.08"]
[EventType "swiss"]
[EventRounds "9"]
[EventCountry "ESP"]
[SourceTitle "CBM 175 Extra"]
[Source "ChessBase"]
[SourceDate "2016.12.12"]
[SourceVersion "1"]
[SourceVersionDate "2016.12.12"]
[SourceQuality "1"]

1. d4 Nf6 2. c4 g6 3. Nc3 Bg7 4. e4 d6 5. f4 0-0 6. Nf3 c6 7. Be2 Nbd7 8. 0-0 a6 9. f5 Qc7 10. fxg6 hxg6 11. Qe1 Nh7 12. Qh4 Bf6 13. Qg3 Kg7 14. h4 Rg8 15. Be3 c5 16. Nd5 Qb8 17. Nxf6 Nhxf6 18. Ng5 b6 19. h5 Kf8 20. e5 dxe5 21. dxe5 Qxe5 22. Qf3 Bb7 23. Qf2 gxh5 24. Bf3 Bxf3 25. Qxf3 Rd8 26. Bf4 Qd4+ 27. Be3 Qg4 28. Nh7+ Kg7 29. Ng5 Qxf3 30. Rxf3 Ne5 31. Rg3 Nfg4 32. Bf4 Nxc4 33. Rf1 Kg6 34. Nf3 f6 35. Nh4+ Kf7 36. Rh3 Rd5 37. Bc1 Rgd8 38. Rhf3 Nd2 0-1

[Event "EU-chT Railways USIC 19th"]
[Site "St Petersburg"]
[Date "2016.07.06"]
[Round "3.14"]
[White "Capron, Daniel"]
[Black "Dugailliez, Guy"]
[Result "1-0"]
[WhiteElo "2114"]
[BlackElo "1941"]
[PlyCount "43"]
[EventDate "2016.07.05"]
[EventType "team-swiss"]
[EventRounds "5"]
[EventCountry "RUS"]
[SourceTitle "EXT 2020"]
[Source "ChessBase"]
[SourceDate "2019.10.17"]
[SourceVersion "1"]
[SourceVersionDate "2019.10.17"]
[SourceQuality "1"]
[WhiteTeam "France (rail)"]
[BlackTeam "Belgium (rail)"]
[WhiteTeamCountry "FRA"]
[BlackTeamCountry "BEL"]

1. e4 Nf6 2. Nc3 d5 3. e5 d4 4. exf6 dxc3 5. fxg7 cxd2+ 6. Bxd2 Bxg7 7. Qf3 Qd6 8. Bc4 Qg6 9. 0-0-0 Nc6 10. Bc3 Ne5 11. Bxe5 Bg4 12. Bxf7+ Qxf7 13. Qxg4 Bxe5 14. Qd7+ Kf8 15. Nf3 Bf6 16. Kb1 Rg8 17. Nd4 Rxg2 18. Ne6+ Kg8 19. Qd8+ Qe8 20. Qd5 Kh8 21. Qxg2 Qb5 22. Nd4 1-0

[Event "BEL-ch op"]
[Site "Antwerp"]
[Date "2013.07.13"]
[Round "8"]
[White "Bomans, Arno"]
[Black "Dugailliez, Guy"]
[Result "1-0"]
[WhiteElo "2204"]
[BlackElo "1975"]
[PlyCount "83"]
[EventDate "2013.07.06"]
[EventType "swiss"]
[EventRounds "9"]
[EventCountry "BEL"]
[SourceTitle "CBM 155 Extra"]
[Source "ChessBase"]
[SourceDate "2013.08.26"]
[SourceVersion "1"]
[SourceVersionDate "2013.08.26"]
[SourceQuality "1"]

1. d4 d5 2. c4 e5 3. dxe5 d4 4. Nf3 Nc6 5. a3 Nge7 6. Nbd2 Bg4 7. h3 Bxf3 8. Nxf3 Ng6 9. e3 dxe3 10. Bxe3 Ngxe5 11. Nxe5 Nxe5 12. Qb3 Qc8 13. Qb5+ Nc6 14. Be2 a6 15. Qa4 Qf5 16. Bf3 Qa5+ 17. Qxa5 Nxa5 18. b4 Nxc4 19. Bxb7 Nxe3 20. fxe3 Rb8 21. Bxa6 Bd6 22. 0-0 Ke7 23. Bc4 f6 24. Rad1 Ra8 25. Rd3 Ra7 26. Rfd1 Raa8 27. Bd5 Rab8 28. Bc6 Rhd8 29. Kf2 Ke6 30. Ke2 Be7 31. Rd7 Rxd7 32. Rxd7 Bf8 33. Rxc7 Kd6 34. Rb7 Ra8 35. b5 Rxa3 36. Rf7 Be7 37. Rxg7 Ke6 38. Bd5+ Kd6 39. Rxh7 Bd8 40. Bc6 Bb6 41. Rd7+ Ke6 42. Rd3 1-0

[Event "BEL-ch op"]
[Site "Antwerp"]
[Date "2013.07.12"]
[Round "7"]
[White "Dugailliez, Guy"]
[Black "Sterck, Arno"]
[Result "1-0"]
[WhiteElo "1975"]
[BlackElo "1850"]
[PlyCount "53"]
[EventDate "2013.07.06"]
[EventType "swiss"]
[EventRounds "9"]
[EventCountry "BEL"]
[SourceTitle "CBM 155 Extra"]
[Source "ChessBase"]
[SourceDate "2013.08.26"]
[SourceVersion "1"]
[SourceVersionDate "2013.08.26"]
[SourceQuality "1"]

1. e4 e5 2. Nf3 Nc6 3. d4 exd4 4. Nxd4 Nf6 5. Nc3 Bb4 6. Nxc6 bxc6 7. Bd2 0-0 8. Bd3 d5 9. exd5 Re8+ 10. Ne2 Bxd2+ 11. Qxd2 cxd5 12. 0-0 Rb8 13. b3 Bg4 14. Ng3 Ne4 15. Qa5 Nxg3 16. fxg3 Ra8 17. Rf4 Be6 18. Raf1 c6 19. Qa4 Qb6+ 20. Kh1 a5 21. Rh4 h6 22. Qf4 g5 23. Qf6 gxh4 24. Qxh6 Ra7 25. Bh7+ Kh8 26. Rf4 Qe3 27. Qf6+ 1-0

[Event "Brasschaat op 09th"]
[Site "Brasschaat"]
[Date "2009.08.19"]
[Round "5"]
[White "Dugailliez, Guy"]
[Black "Cools, Gorik"]
[Result "0-1"]
[WhiteElo "1999"]
[BlackElo "2265"]
[PlyCount "68"]
[EventDate "2009.08.15"]
[EventType "swiss"]
[EventRounds "9"]
[EventCountry "BEL"]
[SourceTitle "CBM 131 Extra"]
[Source "ChessBase"]
[SourceDate "2009.09.03"]
[SourceVersion "2"]
[SourceVersionDate "2009.09.16"]
[SourceQuality "1"]

1. e4 c5 2. Nf3 d6 3. d4 cxd4 4. Nxd4 Nf6 5. Nc3 e6 6. Be3 a6 7. Be2 Nbd7 8. Qd2 b5 9. f3 Bb7 10. Rd1 Be7 11. 0-0 0-0 12. Nb1 Rc8 13. a4 bxa4 14. Qb4 Qc7 15. Qxa4 d5 16. exd5 Nxd5 17. Bf2 Nc5 18. Qa2 Qf4 19. Rfe1 Qg5 20. Bf1 e5 21. c4 Nf4 22. Bg3 Ng6 23. Nc2 h5 24. b4 Ne6 25. Kh1 h4 26. Bf2 h3 27. Bg3 hxg2+ 28. Bxg2 Nef4 29. Rd7 Bc6 30. Rxe7 Nxe7 31. Qxa6 Neg6 32. Re3 Nh4 33. Ne1 Nfxg2 34. Rxe5 Qc1 0-1

[Event "BEL-chT2 0708"]
[Site "Belgium"]
[Date "2007.12.02"]
[Round "5"]
[White "Van Lishout, Francois"]
[Black "Dugailliez, Guy"]
[Result "0-1"]
[WhiteElo "2086"]
[BlackElo "2026"]
[PlyCount "56"]
[EventDate "2007.10.07"]
[EventType "team-tourn"]
[EventRounds "11"]
[EventCountry "BEL"]
[SourceTitle "EXT 2009"]
[Source "ChessBase"]
[SourceDate "2008.11.26"]
[SourceVersion "1"]
[SourceVersionDate "2008.11.26"]
[SourceQuality "1"]
[WhiteTeam "SK Rochade II"]
[BlackTeam "Deurne"]
[WhiteTeamCountry "BEL"]
[BlackTeamCountry "BEL"]

1. e4 c5 2. Nf3 Nc6 3. d4 cxd4 4. Nxd4 g6 5. Nc3 Bg7 6. Be3 Nf6 7. Nxc6 bxc6 8. e5 Nd5 9. Nxd5 cxd5 10. Qxd5 Rb8 11. Bxa7 Rxb2 12. Bc4 e6 13. Qc5 Bf8 14. Qe3 Rxc2 15. Bb6 Qh4 16. Bb3 Bb4+ 17. Kf1 Ba6+ 18. Kg1 Re2 19. Qd4 Re4 20. Qb2 0-0 21. Be3 Rc8 22. Rc1 Rxc1+ 23. Qxc1 Rxe5 24. h3 Qe4 25. Kh2 Bb7 26. Rg1 h5 27. Bd1 Bd6 28. Bf4 Rc5 0-1